LEADER 01012nam a2200229 4500 001 000000358095 003 CaOOAMICUS 005 20240610143956.0 008 240419s2007 it 000 u ita r 040 $aSeMil$bita 100 1 $aRizzi, Giovanni,$d<1950- >.$0(OLS)http://semarc/name/17057 245 10$aPer un discernimento cristiano sull'Islam /$cGiovanni Rizzi, Giuseppe Bellia. 264 1$a[S.l. :$bs.n.],$cstampa 2007$e(Roma :$fIst. Salesiano Pio 11.) 300 $a120 p. ;$c24 cm 650 4$aCristianesimo - Rapporti [con l'] Islamismo.$0(OLS)http://semarc/subject/53969 700 1 $aBellia, Giuseppe,$d<1948-2020>.$0(OLS)http://semarc/name/92157 850 $aSeMil 852 $aSeMil$W1$xVenegono$y1$m2X VI 28$j248810$B249212$CSeMilBibl$Z2$F249212 $81 961 $aCitrini don Tullio - Omaggio 996 $6245$aPer un discernimento cristiano sull'Islam$9(OLS)http://semarc/title/448374 996 $6264$a[S.l. :$bs.n.]$9(OLS)http://semarc/publisher/29751 LEADER 01262nam a2200253 i 4500 001 000000182378 003 CaOOAMICUS 005 20220502095718.0 008 091021s1958 be u000 u eng u 013 $a160333 040 $aSeMil$bita 100 1 $aVööbus, Arthur,$d<1909-1988>.$0(OLS)http://semarc/name/9957 245 10$a1: The origin of asceticism early monasticism in Persia /$cby Arthur Vööbus. 300 $aXXXVII, 342 p. ;$c25 cm 490 1 $aCorpus Scriptorum Christianorum Orientalium ;$v184 490 0 $aCorpus Scriptorum Christianorum Orientalium. Subsidia ;$v14 773 0 $aVööbus, Arthur <1909-1988>$tHistory of asceticism in the Syrian Orient.$dLouvain : CorpusSCO, 1958-1988.$kCorpus Scriptorum Christianorum Orientalium. Subsidia$g1$w()22209 830 0$aCorpus Scriptorum Christianorum Orientalium ;$v184.$0(OLS)http://semarc/title/77 830 0$aCorpus Scriptorum Christianorum Orientalium. Subsidia ;$v14.$0(OLS)http://semarc/title/9539 850 $aSeMil 852 $aSeMil$W1$xVenegono$y1$m2S III 184$j133082$B133082$CSeMilBibl$Z2$F144833 $81 961 $aOmaggio: Altro 996 $6245$a1: The origin of asceticism early monasticism in Persia$9(OLS)http://semarc/title/261685